000
00268nam a22001097a 4500
008
170116b xxu||||| |||| 00| 0 eng d
020
_a
9780323046756
041
_a
eng
080
_2
4TH
_a
618.2
245
_a
PSYCHIATRIC MENTAL HEALTH NURSING
_c
FORTINASH
942
_2
udc
_c
BK
999
_c
2962
_d
2962